000 00808cas a22002295a 4500
001 L136
008 070713c1991 xxkbr p 0 a0eng
022 0 _a0961-3218
035 _a(Sirsi) u98773
041 1 _aeng
_bfre
110 2 _aInternational Council for Building Research Studies and Documentation
_91423
245 0 0 _aBuilding Research and Information
260 _aLondon
_bE. & F. N. Spon
_c1991-
362 0 _a19(1) January/February 1991-
500 _aEmbargoed on Ebsco for 15 months
651 4 _aInternational
690 _aBUILT ENVIRONMENT
780 0 0 _tBuilding Research and Practice
856 4 1 _uhttps://www.rics.org/profession-standards/knowledge-and-information-services
_zHow to access eJournals - this title embargoed for 15 months
942 _n0
_2ddc
948 _c09/03/1994
999 _c118520
_d118520